| 000 | 00515nam a2200169 a 4500 | ||
|---|---|---|---|
| 001 | 5473 | ||
| 003 | CDMR | ||
| 005 | 20130228171434.0 | ||
| 008 | 130130s2000||||||||||||||||||||||||||||d | ||
| 020 | _a8439350872 | ||
| 040 |
_aCDMR _bcat _cCDMR |
||
| 111 | 2 |
_93021 _aPrimavera Fotogràfica _cBarcelona _d2000 _n10a |
|
| 245 | 1 | 0 |
_aPrimavera Fotogràfica 2000 _b: del 3 d'abril al 31 de maig |
| 260 |
_aBarcelona _c2000 _bGeneralitat de Catalunya. Departament de Cultura |
||
| 500 | _aCatàleg d'exposició | ||
| 942 |
_cMON _2ddc |
||
| 999 |
_c5473 _d5473 |
||